000 01429cam a2200349 i 4500
999 _c41795
_d41795
001 41795
003 Mx-PuUPA
005 20200311103216.0
008 140415s2012 sp ao fr 001 0 spa d
020 _a9788495626615 (obra completa)
020 _a9788495626622 (v.1)
020 _a9788495626639 (v.2)
040 _cMx-PuUPA
_aMx-PuUPA
_bspa
_dMx-PuUPA
_erda
041 0 _aspa
245 1 0 _aSerie cuidados avanzados /
_cJosé Ramón Martínez Riera, Rafael del Pino Casado ; colaborador, Josep Amílcar Albert Sabater, [y otros veintitrés]
246 3 3 _aEnfermería en atención primaria.
264 4 _aMadrid, España :
_bDifusión Avances de Enfermería,
_c2012
300 _a2 volúmenes (paginación varía) :
_bilustraciones, fotografías ;
_c28 cm
336 _atexto
_2rdacontent
_btxt
337 _asin medio
_2rdamedia
_bn
338 _avolumen
_2rdacarrier
_bnc
490 0 _aCuidados Avanzados
505 8 _gv.1.
_tEnfermería en atención primaria 1.-
_gv.2.
_tEnfermería en atención primaria 2.
650 4 _aEnfermería de emergencias
700 1 _aMartínez Riera, José Ramón,
_eautor
_910679
700 1 _aPino Casado, Rafael del,
_eautor
700 1 _aAlbert Sabater, Josep Amílcar,
_ecolaborador
942 _2ddc
_cLI
_h610.73
_iS481